Taylor Swift - Paroles The Bolter - Statistiques

Statistiques générales
  • Ce quiz a été pris 59 fois
  • Le résultat moyen est 298 sur 410
Statistiques - réponses
Hint Réponse % Correct
I
100%
"The
100%
the
100%
A
97%
a
97%
be
97%
he
97%
Couplet 2 He
97%
her
97%
in
97%
like
97%
"Oh,
97%
she
97%
She
97%
all
93%
Outro | Post-refrain All
93%
an
93%
bolt
93%
Bolter"
93%
we
93%
And
90%
(And
90%
Couplet 1 By
90%
nicknamed
90%
was
90%
it
86%
It
86%
must
86%
stop
86%
they
86%
this"
86%
this
86%
time
86%
What
86%
eyes
83%
felt
83%
meeting
83%
water
83%
When
83%
when
83%
With
83%
with
83%
6
79%
before
79%
ever
79%
kiss
79%
Then
79%
then
79%
through
79%
to
79%
you
79%
You
79%
almost
76%
best
76%
But
76%
But,
76%
can
76%
father
76%
fell
76%
Flashed
76%
fuckin'
76%
lives
76%
Out
76%
out
76%
own
76%
up
76%
always
72%
came
72%
drowned
72%
except
72%
is
72%
of
72%
race
72%
Bridge She's
72%
she's
72%
Refrain Started
72%
alive
69%
back,
69%
Car
69%
ends
69%
face
69%
ice
69%
Just
69%
just
69%
know
69%
leaving
69%
accounts,
66%
as
66%
at
66%
Behind
66%
breathing
66%
everyone
66%
feels
66%
it's
66%
Men
66%
runs
66%
any
62%
evening
62%
for
62%
freedom
62%
frigid
62%
laughed
62%
made
62%
many
62%
That
62%
been
59%
drive
59%
escape
59%
escaping
59%
faces
59%
get
59%
hunter
59%
places
59%
speeding
59%
There's
59%
wanted
59%
whore
59%
call
55%
child,
55%
curious
55%
good
55%
mates
55%
one
55%
'til
55%
trophy
55%
wouldn't
55%
confirm
52%
first
52%
First,
52%
fun
52%
off
52%
sees
52%
Town
52%
bad
48%
charming
48%
door
48%
Excellent
48%
him
48%
knows
48%
Saturday
48%
selfish,
48%
slam
48%
sure
48%
care
45%
fate
45%
got
45%
making
45%
That's
45%
under
45%
bear,
41%
Ended
41%
he'll
41%
likes
41%
pulling
41%
quite
41%
sore
41%
Splendidly
41%
tastes
41%
way
41%
are
38%
bewitching
38%
Down
38%
stories
38%
they're
38%
tiny
38%
changin'
34%
Hearts
34%
helpless
34%
hers
34%
none
34%
races
34%
roses,
34%
Taming
34%
waitin'
34%
aces
31%
breakin'
31%
cad,
31%
leaks
31%
Park
31%
realized)
31%
reviled
31%
Watching
31%
Wish
31%
chariot
28%
jump
28%
laughing
28%
littlest
28%
blush,
24%
Central
24%
charmingly
24%
drawin'
24%
poses
24%
Lake
21%
portrait
21%
rowboats
21%
floorboards
17%
Aucun quiz correspondant
Distribution des résultats
% des personnes avec chaque résultat
Percentile par nombre de réponses
Votre historique - résultats
Vous n’avez pas pris ce quiz